00457nam a22001097a 4500008004100000040005500041080002200096245014900118260005500267300001000322650001500332230606b |||||||| |||| 00| 0 eng d aNational Science LibrarycNational Science Library a616.24(082.2)bP3 aChest disease and allied sciences: bSouvenir and abstractsc/ International conference on chest disease and allied sciences 12-14 January, 2003 aDelhi: bVallabhbhai Patel Chest Institute, c2003 a110p. aConference